000 02141nam0a2200349 4500
001 RU\NLR\BIBL_A\011665496
005 20180911171339.0
010 _a978-5-7996-2181-0
_950
021 _aRU
_bКН-П-18-012762
_9КН-П-18-0912
035 _a(NLR Aleph) 011665496
090 _a11206237
_c11206237
100 _a20180327d2017 u y0rusy50 ca
101 0 _arus
_aara
102 _aRU
105 _ay|||zjzz001zy
200 1 _aАрабский язык: начальный курс
_eучебное пособие
_eдля студентов, обучающихся по программам бакалавриата и магистратуры по направлению подготовки 41.03.03, 41.04.03 "Востоковедение и африканистика"
_fР. В. Степанов, В. А. Кузьмин
_gМинистерство образования и науки Российской Федерации, Уральский федеральный университет имени президента России Б. Н. Ельцина, [Институт социальных и политических наук]
210 _aЕкатеринбург
_cИзд-во Уральского университета
_d2017
215 _a62, [1] с.
_cтабл.
_d29
320 _aБиблиогр.: с. 61 и в подстроч. примеч.
320 _aПредм. указ.: с. 60
606 1 _aАрабский язык
_jУчебные издания для высших учебных заведений
_2nlr_sh2
_3RU\NLR\AUTH\6657525
686 _aШ161.131-923.1
_2rubbk
686 1 _aШ161.131-93рус3
700 1 _aСтепанов
_bР. В.
_cпреподаватель, араб. яз.
_gРоман Викторович
_3RU\NLR\AUTH\770187667
701 1 _aКузьмин
_bВ. А.
_cд-р ист. наук
_f1948-
_gВадим Александрович
_3RU\NLR\AUTH\770187676
852 1 _aNLR
_bОЛСАА-араб
_j5-731
942 _cBOOK
980 1 _aARAB
980 _aNBR
980 _aNB